[Event "ROM-chT"]
[Site "Eforie Nord"]
[Date "2000.12.19"]
[Round "2"]
[White "Negulescu, Adrian"]
[Black "Slovineanu, Viacheslav"]
[Result "1-0"]
[WhiteElo "2510"]
[BlackElo "2402"]
[Annotator "Rabinovich,Al"]
[PlyCount "123"]
[EventDate "2000.12.18"]
[EventType "team"]
[EventRounds "5"]
[EventCountry "ROU"]
[SourceTitle "CBM 081"]
[Source "ChessBase"]
[SourceDate "2001.03.20"]
[SourceVersion "1"]
[SourceVersionDate "2001.03.20"]
[SourceQuality "1"]
[WhiteTeam "Brasov Dinamo"]
[BlackTeam "Bucharest Electrica"]
[WhiteTeamCountry "ROU"]
[BlackTeamCountry "ROU"]

{[%mdl 36]} 1. d4 d5 2. Nf3 c6 3. Bf4 {Some people say that those who play
this Trampowsky setups,trying to go out of theory,but nowdays I think those
variations are full of theory and ideas.The variation which arised in the game
is very complicated and based mostly on understanding .White doesn't get too
much usually of the opening,but if black doesn't know what to do the game can
become very short.} (3. Bg5 Qb6 4. Qc1 Bf5 5. c4 e6 6. c5 Qc7 7. Nc3 Nd7 8. Bf4
Qd8 9. b4 Ngf6 10. h3 Be7 11. e3 $14 {1-0 Benjamin,J-Orlov,G/Modesto 1995/CBM
51 (73)}) 3... Qb6 4. Qc1 (4. b3 Bf5 5. e3 Nf6 6. Be2 Qa5+ 7. Nfd2 (7. Nbd2 Ne4
{[%cal Ge4c3]}) 7... c5 8. O-O Nc6 9. c3 e6 10. dxc5 Qxc5 11. b4 Qe7 12. b5 Na5
13. Qa4 b6 14. Nb3 Nb7 15. Nd4 Nc5 16. Qd1 Bg6 17. Nc6 Qd7 18. c4 Bxb1 19. Qxb1
Bd6 20. Bxd6 Qxd6 21. Rd1 $14 {1-0 Radziewicz,I-Slobodjan,R/Koszalin 1998/CBM
65 ext (51)}) 4... Bf5 {Also possible to play first 4...Bg4 and after 5.Ne5
Bf5 the idea is that black will play Nd7 with immideatly idea to exchange the
N on e5.White however can try playing 5.e3 and after 5...Bf3 6.gf arises
position with interesting continuations.} 5. e3 e6 6. Be2 Nf6 7. O-O {[%cal
Gc2c4,Gc4c5] One of main white's ideas in the position is to take advantage of
black Q who doesn't have good place.} Be7 8. c4 dxc4 (8... O-O 9. c5 Qd8 10. h3
Nbd7 11. Nc3 $14 {[%cal Gb2b4]}) 9. Nfd2 {The second N will be placed on c4
from where he will take conrol over e4 and d5 squares.White also can try to
play f3 and e4 later.} (9. Nbd2 O-O 10. Nxc4 Qd8 11. a3 Nh5 12. Be5 Nf6 13. b4
Ne4 14. h3 Nd7 15. Bh2 Nb6 16. Na5 Qc8 17. Nd2 Rd8 18. Nxe4 Bxe4 19. Qb2 Bd6 {
1/2-1/2 Matlak,M-Shurygin,S/Frydek-Mistek 1996/EXT 98 (41) Black has no
problems.}) 9... O-O 10. Nxc4 Qd8 11. Nc3 $14 {[%cal Gf1d1,Gf2f3,Ge3e4]} Bg6 {
[%cal Gf6h5] Profylactic move against e4 in the future and also with idea Nh5
to get rid of white dark square B.} 12. Bg3 (12. h3 $142) 12... Nbd7 {[%cal
Gc6c5]} 13. Rd1 (13. Nd6 Rb8 14. e4 Nb6 15. Qf4 Qd7 $15 {[%cal Gb8d8]}) 13...
Nb6 14. Ne5 Nh5 (14... Bh5 15. f3 $14 {[%csl Rh5][%cal Ge3e4]}) (14... Nbd5 15.
Nxg6 hxg6 16. Qc2 $16 {[%cal Ge3e4]}) (14... Nfd5 15. Nxg6 hxg6 16. e4 $16 {
[%csl Gd4,Ge2,Ge4,Gg3]}) 15. a3 (15. Nxg6 hxg6 16. Bxh5 gxh5 17. Qc2 h4 18. Be5
f6 19. Bf4 g5 20. Qg6+ Kh8 $11) 15... Nxg3 16. hxg3 $14 {This is one of those
positions,when black has a pare of bishops,but not a real plan for the game.
White on the other hand will play on the queenside,pushing the b-P to b4 and
then gaining some space there,will play on kingside.Black should play
accuratly,otherways white can get a long range advantage.} Qc7 17. b4 Rac8 (
17... a5 $5 18. b5 (18. Qb2 axb4 19. axb4 Nd5 $11) 18... cxb5 19. Nxb5 Qxc1 20.
Raxc1 Rac8 21. Nxg6 hxg6 22. Bf3 Nd5 23. e4 Nb6 24. d5 exd5 25. exd5 Rfd8 26.
Rxc8 Nxc8 27. Rc1 Nd6 28. Rc7 Nxb5 (28... Bf8 $11) 29. Rxe7 Nxa3 30. Rxb7 Nc4
31. Ra7 $14) 18. Qb2 (18. e4 Rcd8 19. Qe3 $14 {[%cal Gf2f4]}) 18... Rfd8 19.
Rdc1 {[%cal Gb4b5] White continues to play in positional style.He doesn't play
e4 in reason not to let black any counterplay.} Qb8 20. g4 $5 {Preparing g3,
Kg2 and Rh1.} Nd5 (20... Bd6 21. Nxg6 hxg6 22. Ne4 $14 {[%cal Gg2g3,Gg1g2]})
21. Nxg6 hxg6 22. Ne4 {White is clearly better.The main black's problem is
lack of plan.He can't play on kingside or queenside,but hecould have tried to
play in the center by preparing e5.} Re8 (22... Nf6 23. Nc5 b6 24. Nd3 $14 {
[%cal Gd3e5]}) 23. Bf3 a6 $6 {Preventing b5,but now white N on c5 willbe
strong.} (23... Bf8 $5 {[%cal Ge6e5]}) 24. Nc5 Rcd8 (24... Bf8 {[%cal Ge6e5]}
25. Nd7 Qd6 26. Nxf8 Rxf8 27. g3 $16 {[%cal Ge3e4]}) 25. g3 $1 Bf6 26. e4 Nc7 {
[%cal Gc7b5,Gb5d4]} 27. e5 Be7 28. a4 $16 {Nothing is changed,black still
can't find any counterplay and white is already threating Kg2 and doubling the
rooks on h-file.Black is in trouble.} Bf8 (28... b6 29. Nd3 {[%csl Rc6]}) 29.
Kg2 {[%cal Gc1h1,Gh1h2]} Be7 {Finally black figures out white's plan,but it is
too late.White's initiative is too strong.} 30. Rh1 Qc8 (30... b6 31. Nd3 c5
32. Rh2 (32. bxc5 bxc5 33. Qxb8 Rxb8 34. dxc5 Rb3 35. Rhd1 Rd8 $44) 32... Rxd4
(32... cxd4 33. Rah1 f6 34. Qc2 (34. Bc6 $5 Rf8 35. exf6 Bxf6 36. g5 Bxg5 37.
Rh8+ Kf7 38. Ne5+ Kf6 39. Rxf8+ Kxe5 40. Rd1 $18) 34... Nd5 35. Bxd5 Rxd5 36.
Nf4 {[%cal Gc2g6]} d3 37. Qc6 Rxe5 38. Nxd3 Kf7 39. Nxe5+ Qxe5 40. Rh8 Rxh8 41.
Rxh8 Qd5+ 42. Qxd5 exd5 43. Rb8 (43. Ra8 Bxb4 44. Rxa6 Ba5 (44... Bc5 45. a5
bxa5 46. Rxa5 Bd6 47. Rxd5 Ke6 48. Ra5 {White is winning.}) 45. Kf3 $18 {
[%csl Ra5] White should win.}) 43... Bxb4 44. Rxb6 a5 45. Kf3 $18) 33. Rah1 f6
34. Qc2 {[%cal Gd3f4]} g5 35. Nf4 $18) 31. Rh2 $18 {Now white has a winning
position.} f5 (31... f6 32. Rah1 Kf7 33. Rh7 {[%cal Gb2c2,Gh1h6]} Rh8 34. Nxb7
$1 $18) 32. gxf5 exf5 33. Qb3+ Nd5 34. Rah1 {[%cal Ge5e6]} Bxc5 $8 (34... b6
35. e6 $18) 35. bxc5 {[%csl Rb7]} Kf7 36. Rb1 Re7 {[%csl Ge5] Black managed to
defend the K,but the character of the position is not changed: weak pawns on
queenside,passive pieces and no counterplay.} 37. Be2 {[%cal Ge2c4,Gb3f3]} g5
38. Bc4 (38. Bh5+ $1 {Was winning faster.} Ke6 (38... g6 39. Bf3 $18 {[%csl
Rf7][%cal Gb1h1,Gh2h7]}) 39. Bg6 Rh8 40. Rxh8 Qxh8 41. Rh1 Qf8 42. Rh5 $18)
38... f4 39. Qf3 {[%cal Gf3h5,Gg3f4]} Qe6 40. Qe4 $6 {All the game white went
out of calculations,he tried to win the easy way,but now he giving black some
chances.} (40. Qh5+ Qg6 41. g4 {[%cal Gc4d3]} Qxh5 42. Rxh5 Kg6 43. Bd3+ Kf7
44. Rxg5 Nc3 45. Rf5+ Ke8 46. Rb3 Nxa4 47. Rxf4 $18) 40... Qg6 (40... fxg3 $1
41. Kxg3 (41. fxg3 Ne3+ 42. Qxe3 Qxc4 {With good chances for draw.}) 41... Rf8
{[%cal Gf7e8,Ge8d8,Gd8c8] Black didn't have such a "good" position for a long
time.}) 41. Qe1 (41. Qxg6+ Kxg6 42. Bd3+ Kf7 43. Kf3 {[%cal Gf3e4]} Nc3 $132)
41... Qf5 42. Rb3 {White has big advantage,which didn't disappear even after
few mistakes.} g4 43. gxf4 Qxf4 44. Qe3 {[%csl Rb7,Rf7,Rg4]} Qf5 (44... Qxe3
45. Rxe3 Kg6 46. Re4 Kf5 47. f3 (47. Bd3 Nf4+ $19) 47... Nf4+ 48. Kg3 g5 49.
Rh6 {[%csl Rf5][%cal Gh6f6]} gxf3 50. Re3 Rf8 51. e6 $18 {[%cal Ge3e5]}) 45.
Kg3 $18 {[%cal Gh2h4,Gh4g4]} Kg6 (45... Kg8 $142 46. Rh4 Rf7 47. Bxd5 Rxd5 48.
Rxg4 $18) 46. Bxd5 Rxd5 47. Rh4 Kf7 48. Rxg4 Kg8 49. Qf4 {The simpliest.} Qxf4+
(49... Qc2 50. Rf3 Rd8 51. Rh4 $18 {[%cal Gg3h2,Gf3h3]}) 50. Rxf4 Red7 51. Rb4
a5 52. Rc4 Re7 53. Kf3 {[%cal Gf3e4] King to the center.} Re6 54. Rc1 Rd7 55.
Rg1 Rh6 56. Ke4 Re7 57. Rfg4 Rh2 58. R4g2 {[%cal Gf2f4,Gf4f5] Not giving any
chances.} Rh3 59. f4 {The rest is simple and doesn't need any explanations.
Black is hopeless.} Kf8 60. f5 Ra3 61. e6 Rxa4 {2h,40} 62. Rh1 {Even in the
ending black K gets mated!} 1-0

[Event "Solin 8th"]
[Site "Solin/Split"]
[Date "2000.12.10"]
[Round "2"]
[White "Kovacevic, Vlatko"]
[Black "Fressinet, Laurent"]
[Result "1-0"]
[WhiteElo "2492"]
[BlackElo "2536"]
[Annotator "Rabinovich,Al"]
[PlyCount "51"]
[EventDate "2000.12.09"]
[EventType "tourn"]
[EventRounds "9"]
[EventCountry "CRO"]
[EventCategory "12"]
[SourceTitle "CBM 081"]
[Source "ChessBase"]
[SourceDate "2001.03.20"]
[SourceVersion "1"]
[SourceVersionDate "2001.03.20"]
[SourceQuality "1"]

1. d4 Nf6 2. c3 {Kovacevic plays this line usually with good results.Black can
choose here between many options:1.To play g6 and play King's Indian positions.
2.Black can play d5 and to play Queen's Gambit setups.3.Black can combine
between both and to play d5 and after g6.4.To play e6 and b6 and later c5 with
flaxible structure.} (2. Bg5 e6 3. c3 h6 4. Bh4 b6 5. Nd2 Bb7 6. e3 d6 7. f3
Be7 8. Bd3 O-O 9. Ne2 c5 10. e4 cxd4 11. cxd4 e5 12. Bg3 exd4 13. Nxd4 Nh5 $11
{1/2-1/2 Ivanchuk,V-Adams,M/Belgrade 1995/CBM 51 (24)}) (2. Nf3 d5 3. Bf4 c6 4.
e3 Bf5 5. Be2 e6 6. Nbd2 Bd6 7. O-O Bxf4 8. exf4 O-O 9. c3 Qc7 10. g3 c5 11.
dxc5 Qxc5 12. Nb3 Qb6 13. Qd4 Nbd7 $11 {1/2-1/2 Vladimirov,E-Milov,V/Istanbul
TUR 2000/The Week in Chess 314 (54) Black equalized easily.}) 2... d5 (2... e6
3. Bg5 c5 4. e3 b6 5. Nd2 Bb7 6. Ngf3 Be7 7. h3 cxd4 8. cxd4 O-O 9. Bd3 d6 10.
O-O Nbd7 11. e4 e5 12. Re1 h6 13. Be3 Rc8 14. d5 Nc5 15. Bc2 a5 16. a3 Ba6 17.
Qb1 $14 {[%cal Gb2b4] 1-0 Riazantsev,A-Handke,F/Biel SUI 2000/The Week in
Chess 300 (43)}) (2... g6 3. Bg5 Bg7 4. Nd2 O-O 5. Ngf3 d6 6. e3 Qe8 7. Be2 e5
8. O-O h6 9. Bh4 Nc6 10. a4 Nh7 11. Bc4 Kh8 12. dxe5 dxe5 13. e4 Nd8 14. Re1
Ne6 15. Bb5 $1 c6 {[%csl Rd6][%cal Gd2c4,Gc4d6]} 16. Bf1 Nhg5 17. Nc4 Nxf3+ 18.
Qxf3 f6 19. Rad1 Nc5 20. a5 Nb3 21. Nd6 Qe7 22. Nxc8 Raxc8 23. Qg4 $16 {
[%csl Rb3][%cal Gg4g6,Gd1d7] 1-0 Kovacevic,V-Cvitan,O/Solin/Split CRO 2000 (27)
}) 3. Bf4 e6 4. Nd2 (4. Nf3 c5 5. e3 Qb6 {White wnted to avoid this
continuation.}) 4... c5 {Black chooses quiet variation,which gives white small
but comfortable advantage.} 5. e3 Nc6 6. Ngf3 Bd6 7. Bg3 {Important move.Now
white is waiting for black's reply.If black castles,white can have some
initiative on kingside before castling,if black doesn't,white can play Ne5 and
gain some space in the center.} O-O (7... Qc7 8. dxc5 $5 Bxg3 9. hxg3 {[%cal
Gb2b4] Black has to prove that pawn sacrafise is correct.}) 8. Bd3 Qe7 {
[%cal Ge6e5]} (8... b6 9. Qe2 Qc7 10. O-O Bb7 $11) 9. Ne5 cxd4 $6 (9... Nd7 10.
f4 f6 11. Nxc6 bxc6 12. Qb1 f5 13. Nf3 a5 14. Bh4 Qe8 $11 {[%cal Gc8a6]}) (9...
Bxe5 $5 10. dxe5 Nd7 11. f4 f6 12. exf6 Qxf6 13. O-O Qf7 {[%cal Gd7f6] With
interesting game.}) 10. exd4 Nd7 11. f4 {[%csl Rc8]} f5 $6 {Not the best
decition.Better was 11...f6.} (11... f6 12. Qh5 $6 (12. Nxc6 bxc6 13. Qc2 f5
14. O-O a5 $11 {[%cal Gc8a6,Gd7f6,Gf6e4]}) 12... g6 13. Nxc6 bxc6 14. Qe2 e5
$15) 12. O-O $14 {[%csl Rc8]} Nf6 13. Bh4 {[%cal Gg2g4]} Qc7 14. Qe2 {
Preparing g4 and connecting between the rooks.} Ne4 (14... Bd7 15. Bxf6 Rxf6 (
15... gxf6 16. Nxd7 Qxd7 17. Rae1 Rae8 18. Qh5 $14 {With easy game for white.})
16. Rf3 $14 {[%cal Gf3h3]}) 15. Kh1 {[%cal Gg2g4]} Bd7 16. g4 Be8 (16... Nxd2
$6 17. Qxd2 fxg4 18. Qc2 g6 (18... Rf5 $142) 19. Bxg6 hxg6 20. Qxg6+ Kh8 21.
Qh5+ Kg8 22. Qxg4+ Kh7 23. Qh5+ Kg8 24. Rg1#) 17. gxf5 exf5 18. Rg1 $40 {
White gains a very dangerous initiative.} Be7 (18... Kh8 19. Rg2 $16 {[%cal
Ga1g1]}) 19. Bxe7 Qxe7 20. Rg2 $16 {Black has nothing to do against white
attack on kingside.} Qh4 $2 {Blunder in difficult position.} (20... Nxe5 21.
fxe5 (21. dxe5 Nxd2 22. Qxd2 Bc6 23. Bc2 {[%cal Gd2d4,Gc2b3]} d4 24. cxd4 Bxg2+
25. Qxg2 {[%cal Gd4d5]} Qb4 26. Bb3+ Kh8 27. Rg1 g6 28. Rd1 Rad8 29. Qf2 $16 {
[%cal Gd4d5] Probably winning for white.}) 21... Qe6 {[%cal Ge6h6]} 22. Rag1
$40) 21. Rag1 Bh5 $4 {Looses by force.} (21... g6 $142 22. Qe3 {[%cal Gd2f3]}
Bf7 23. Ndf3 Qh3 24. Bf1 Qh5 25. Ng5 Nxe5 26. dxe5 $16 {[%cal Ge5e6]}) {
[%tqu "En","How can white continue his attack?","","","d3e4","Correct.Now
black is helpless.",10]} 22. Bxe4 $3 $18 fxe4 (22... Bxe2 23. Rxg7+ Kh8 24.
Rg8+ Rxg8 25. Nf7#) 23. Rxg7+ Kh8 24. Qg2 {[%cal Gg7h7,Gg2g7]} Bg6 (24... Qf6
25. Nd7 Qf5 26. Nxf8 {[%cal Gg7g8]} Qxf8 $8 27. Qg5 $18 {[%cal Gg5h6,Gg5h5]})
25. Nxg6+ hxg6 26. Rxg6 1-0

[Event "GER-ch 72nd"]
[Site "Heringsdorf"]
[Date "2000.11.25"]
[Round "9"]
[White "Mueller, Karsten"]
[Black "Stern, Rene"]
[Result "1-0"]
[WhiteElo "2513"]
[BlackElo "2493"]
[Annotator "Rabinovich,Al"]
[PlyCount "87"]
[EventDate "2000.11.17"]
[EventType "swiss"]
[EventRounds "9"]
[EventCountry "GER"]
[SourceTitle "CBM 080"]
[Source "ChessBase"]
[SourceDate "2001.01.25"]
[SourceVersion "1"]
[SourceVersionDate "2001.01.25"]
[SourceQuality "1"]

1. d4 Nf6 2. Nf3 e6 3. Bg5 d5 4. Nbd2 Be7 (4... Nbd7 5. e4 h6 6. Bxf6 Nxf6 7.
e5 Ne4 8. Bd3 Nxd2 9. Qxd2 c5 10. c3 Bd7 11. O-O Qb6 12. dxc5 Bxc5 13. b4 Be7
14. Nd4 $14 {1-0 Hodgson,J-Tolnai,T/Kecskemet 1988/CBM 10 (36)}) 5. c3 (5. Bxf6
Bxf6 6. e4 c5 7. e5 Be7 8. dxc5 Bxc5 9. Nb3 Bb6 10. Bd3 $32 {0-1 Casagrande,
H-Campora,D/Biel 1996/CBM 55 (32) Interesting French Defense structure.}) 5...
b6 {With the obvious idea - to exchange the White-squarred bishops after e2-e4.
} 6. Bxf6 Bxf6 7. e4 Bb7 (7... Ba6 $4 8. Bxa6 Nxa6 9. Qa4+ $18) (7... O-O $142
{[%cal Gc8a6] Might have been better, with an immediate Ba6.}) 8. e5 Be7 9. Bd3
c5 10. a3 {[%cal Gb2b4]} Qd7 {[%cal Gb7a6]} 11. Qe2 {[%csl Ra6]} a5 {[%csl Ga6]
} 12. O-O Ba6 13. dxc5 (13. Bxa6 Nxa6 $11) 13... Bxd3 14. Qxd3 bxc5 (14... Bxc5
15. b4 Be7 16. Nb3 $14 {[%cal Gb3d4,Gf3d4] White is clearly better.}) 15. b4 $6
{[%csl Gd4] In order to clear up d4 for his knights.} O-O {Could Black take
the pawn?} (15... axb4 16. axb4 Rxa1 17. Rxa1 cxb4 18. cxb4 Bxb4 (18... O-O 19.
b5 $14 {White is better}) 19. Qb3 $1 Qb5 (19... Qe7 20. Qa4+ Kf8 (20... Nd7 21.
Qa8+ Qd8 22. Qxd8+ Kxd8 23. Ra8+ $18) 21. Rb1 $18) (19... Qb7 20. Ra4 Nc6 (
20... Na6 21. Rxa6 Qxa6 22. Qxb4 $16) 21. Nd4 Nxd4 22. Rxb4 $1 Nxb3 (22... Qa7
23. Rb8+ Kd7 (23... Ke7 24. Qb4+ Kd7 25. Qd6#) 24. Rb7+ Kc6 25. Rxa7 Nxb3 26.
Nxb3 Rb8 27. Nd2 $18) (22... Ne2+ 23. Kf1 Qa6 24. Qa4+ Qxa4 25. Rxa4 $18) 23.
Rxb7 Nxd2 24. Rb8+ $16) 20. Ra4 Nc6 (20... Na6 21. Rxa6 Qxa6 22. Qxb4 $16) 21.
Ra8+ (21. Nd4 $6 Nxd4 22. Rxb4 $1 Ne2+ $1 (22... Nxb3 $2 23. Rxb5 Nxd2 24. Rb8+
Ke7 25. Rxh8 h6 26. Rg8 g6 $16) (22... Qa6 $2 23. Rxd4 Qa1+ 24. Nf1 Qxd4 25.
Qb8+ Ke7 26. Qxh8 Qxe5 27. Qxh7 $18) 23. Kf1 $11 (23. Kh1 $6 Qc6 $1 {[%cal
Gc6c1]} 24. Rb8+ Kd7 25. Qb7+ Qxb7 26. Rxb7+ Kc6 27. Rxf7 Ra8 {[%csl Gd5][%cal
Gd5d1]} 28. h4 Ra2 29. Nf3 d4 30. Rxg7 d3 31. Rxh7 d2 32. Nxd2 Rxd2 {It looks
like Black can handle White's pawns.}) 23... Ng3+ 24. Kg1 Ne2+ 25. Kf1 $11)
21... Nd8 (21... Nb8 22. Nd4 Qb6 (22... Qb7 23. Qa4+ Kd8 24. Rxb8+ $18) 23. Nc6
O-O 24. Nxb4 $18) 22. Nd4 Qb6 23. Rxd8+ Kxd8 24. Qxb4 Qxb4 25. Nc6+ Kc7 26.
Nxb4 Rb8 27. Nd3 $14) 16. b5 {[%csl Rc6] Now White's passing pawn is keeping
the Black knight away from c6.} c4 $6 {Surrenderring d4 for the White knights..
.} (16... Qc7 17. c4 Rd8 18. Rfe1 {Preventing Nd7. White is better.}) 17. Qb1 {
[%cal Ga3a4]} a4 18. Nd4 {[%csl Gd4]} Qc7 19. f4 {White's plan is simple: To
take advantage of his control over the blocked center and develope an attack
on Black's king by f4-f5.} Nd7 20. N2f3 Nc5 21. Nc6 $6 {[%cal Gc5e4,Gc5d3]
After this move White does not get much. It was better to play:} (21. f5 Qd7 {
To defend e6.} 22. Nc6 {[%cal Gf3d4] With a double-edged play.}) 21... Nb3 {
Black tries to hunt the b5 pawn. Other possibilities were:} 22. Ra2 f5 {
Avoiding the plan f4-f5.} 23. Kh1 (23. exf6 $6 Bxf6 {[%cal Gf6c3]} 24. Nfe5
Qb6+ 25. Kh1 (25. Nd4 Nxd4 26. cxd4 Qxd4+ $19) 25... Qxb5 {Black gained the
pawn without any compensation for white.}) 23... Rae8 {[%cal Ge8e7,Ge7e6,Gc7b6]
} 24. Qd1 Qb6 25. Nfd4 Bc5 $2 {Gives White a tactical possibility.} (25... Nxd4
$1 26. Nxd4 Bc5 27. Qxa4 Bxd4 28. cxd4 Qxd4 $17 {As in the principle: Central
pawns are stronger than flank pawns.}) 26. Nxe6 $1 Rxe6 (26... Qxb5 27. Qxd5
$18) 27. Qxd5 Rfe8 28. Qxc4 Be3 (28... Kh8 29. Qxa4 Na5 (29... Be3 {[%cal
Gb3c5]} 30. Qxb3 Rxc6 31. a4 $18 {[%cal Gb3f7,Ga4a5]}) 30. Nd4 {[%cal Gd4e6,
Gd4f5]} (30. Qxa5 Rxc6) (30. Nxa5 Ra8) 30... Bxd4 31. cxd4 {White's chances
are better.}) 29. g4 (29. Qxa4 Nd2 {[%cal Gd2f1,Gd2e4,Ge4f2]} 30. Rxd2 Bxd2 31.
Nd4 Bxc3 (31... Rg6 32. Qc4+ Kh8 33. Qd3 {[%csl Rd2]}) 32. Nxe6 Qxe6 33. b6 $13
) 29... Qc5 (29... g6 30. gxf5 gxf5 31. Rd1 {[%cal Gd1d6,Ga2g2,Gg2g7] And
again, it looks like White's pieces and pawns are better than Black's
unorganized pieces.}) 30. Qxc5 Bxc5 31. gxf5 Rh6 32. Rg2 {[%cal Gf5f6]} Rf8 (
32... Kf8 33. Rd1 {[%cal Gd1d7]} Rh4 34. Nd8 $1 Rxf4 35. Ne6+ Rxe6 36. fxe6 Ke7
37. Rxg7+ Kxe6 38. b6 $16) 33. f6 Rg6 34. fxg7 Kxg7 35. f5 Rxg2 36. Kxg2 Bxa3 {
White's united pawns will get to target before Black's isolated pawn on a4.}
37. b6 {[%csl Gb6,Ge5,Gf5] Black position is already lost.} Bb2 38. e6 (38. b7
$2 a3 39. b8=Q Rxb8 40. Nxb8 a2 41. f6+ Kf7 42. e6+ Kxe6 43. f7 Ba3) 38... Bxc3
(38... a3 39. e7 Rh8 40. f6+ Kf7 41. Nd8+ Ke8 42. b7 $18) 39. b7 a3 40. Rf2 (
40. e7 Re8 41. Nd8 Be5 42. f6+ $18) 40... Nc1 41. e7 Rg8 42. b8=Q Rxb8 43. Nxb8
Kf7 44. f6 1-0

[Event "Bundesliga 0001"]
[Site "Germany"]
[Date "2001.03.11"]
[Round "11.3"]
[White "Paulsen, Dirk"]
[Black "Nikolic, Predrag"]
[Result "0-1"]
[WhiteElo "2431"]
[BlackElo "2657"]
[Annotator "Rabinovich,Al"]
[PlyCount "71"]
[EventDate "2000.10.14"]
[EventType "team-tourn"]
[EventRounds "15"]
[EventCountry "GER"]
[SourceTitle "CBM 082"]
[Source "ChessBase"]
[SourceDate "2001.05.17"]
[SourceVersion "1"]
[SourceVersionDate "2001.05.17"]
[SourceQuality "1"]
[WhiteTeam "Koenig Tegel"]
[BlackTeam "Solingen"]
[WhiteTeamCountry "GER"]
[BlackTeamCountry "GER"]

1. d4 d5 2. Nf3 c6 3. e3 $6 {[%csl Rc1] This kind of moves,which are leaving
the dark-square B closed can't give white any chances for opening advantage.}
Bf5 4. Nh4 $5 Bg6 (4... Bc8 {[%csl Rh4]} 5. Nf3 $11) 5. Nxg6 hxg6 6. c4 e6 7.
Nc3 (7. Qb3 Qc7 8. Nc3 Nf6 9. h3 Nbd7 $11) 7... Nd7 8. e4 $6 {Too active?!
White is not developed that good,so he can afford himself such an opening the
position.} (8. Qb3 Rb8 $6 (8... Qc7 9. h3 Ngf6 10. Bd3 dxc4 11. Bxc4 Nb6 12.
Be2 e5 $11) 9. cxd5 exd5 10. e4 $14 {[%cal Gc1f4]}) 8... dxe4 9. Nxe4 Ngf6 10.
Ng5 (10. Nc3 Qb6 {[%cal Gh8h4,Ge8c8]} 11. Qb3 O-O-O $32) 10... Qa5+ {Not the
bet decition,black had better chances with the queens on the board.} (10... Qb6
$15 {[%cal Gf8b4,Ge6e5,Gh8h3]}) 11. Bd2 Bb4 12. Bxb4 Qxb4+ 13. Qd2 Qxd2+ 14.
Kxd2 c5 15. dxc5 Nxc5 {[%cal Gf6g4]} 16. Be2 a5 $1 {Securing the N on c5 for a
long time.} 17. Ke3 $11 Ke7 18. Rad1 {White played well and his position is
already at least not worse.} (18. h3 {Anyway probably needed move.}) 18... Nfd7
{[%cal Gf7f6,Ge6e5]} (18... Na4 $5 19. b3 (19. h3 Rad8 $11) 19... Nc3 20. Rd2
Nxe2 21. Kxe2 Rad8 $11) 19. h4 f6 20. Ne4 (20. Nf3 $5 {[%cal Gf3d4]}) 20...
Nxe4 21. Kxe4 Nc5+ 22. Ke3 $11 e5 23. g3 (23. Bf3 Rad8 24. g3 $14) (23. Rd5
Rac8 24. g3 $14 {[%cal Gh1d1]}) 23... Rad8 24. f4 $6 {White chooses the wrong
plan.It was much better just to play in the center.} (24. Bf3 f5 25. Rd5 Rxd5
26. Bxd5 Kf6 27. Rb1 {[%cal Gb2b3,Ga2a3,Gb3b4]}) 24... exf4+ 25. Kxf4 ({
It was still possible to hold the position after:} 25. gxf4 $142 Rxd1 26. Bxd1
g5 27. fxg5 fxg5 28. h5 Kd6 $11) 25... g5+ $1 26. hxg5 Rxh1 27. gxf6+ Kxf6 28.
Rxh1 Rd2 {Now black gains an advantage.} 29. Ke3 Rxb2 $17 {[%csl Ra2,Gb2,Gc5,
Re2] Now the diference between the black N and white B is felt very well.White
B is passive ,while the black N takes a very important part in the game.} 30.
Rf1+ Ke7 31. Bh5 (31. Ra1 a4 {[%csl Ra1,Ra2,Rc4,Re2,Rg3] White is too passive,
it will be hard to defend all his weaknesses.}) 31... Rxa2 $19 {Now white
position is lost.} 32. Rf7+ Kd6 33. Rxg7 Ra3+ 34. Kf2 a4 35. Be2 (35. Bf3 Rb3 (
35... Rc3 36. Bxb7 a3 37. Bd5 a2 38. Ra7 Rc2+ 39. Ke3 Nb3 $19) 36. Rg5 b6 37.
Rd5+ Ke7 38. Rd1 a3 39. Ra1 Rb2+ 40. Ke3 a2 41. Bd1 Kf6 (41... Rb1 42. Rxa2
Rxd1 $19) 42. g4 Kg5 43. Kf3 Nd3 44. Ke3 Nb4 $19 {[%cal Gb2b1]}) 35... Rb3 36.
Bf1 0-1